|
|
|
|
| LEADER |
00000nas a2200000 a 4500 |
| 001 |
ssj0041751 |
| 003 |
WaSeSS |
| 005 |
20200512172242.0 |
| 006 |
m d |
| 007 |
cr n |
| 008 |
971209c19969999sp fr p s 0 b0spa c |
| 010 |
|
|
|a 99110340
|
| 016 |
7 |
|
|a 976883945
|2 DE-101
|
| 016 |
7 |
|
|a 2208300-5
|2 DE-600
|
| 022 |
|
|
|l 1137-0734
|y 1137-0734
|
| 035 |
|
|
|a (WaSeSS)ssj0041751
|
| 040 |
|
|
|a IQU
|b eng
|c IQU
|d DLC
|d OCL
|d HLS
|d CUS
|d OCLCQ
|d GWDNB
|d DEBBG
|d OCLCQ
|d OCLCF
|d OCLCO
|d DLC
|d OCL
|d OCLCA
|d CUS
|d RDF
|d WaSeSS
|
| 042 |
|
|
|a pcc
|
| 043 |
|
|
|a e-sp---
|
| 050 |
0 |
0 |
|a P92.S7
|b H57
|
| 210 |
0 |
|
|a Hist. comun. soc.
|
| 222 |
|
0 |
|a Historia y comunicación social
|
| 245 |
0 |
0 |
|a Historia y comunicación social
|h [electronic resource].
|
| 260 |
|
|
|a Madrid, Spain :
|b Servicio de Publicaciones,
|c 1996-
|
| 310 |
|
|
|a Semiannual,
|b <2015- >
|
| 321 |
|
|
|a Annual,
|b 1996-<1997>
|
| 362 |
0 |
|
|a No. 1 (1996)-
|
| 506 |
|
|
|a License restrictions may limit access.
|
| 550 |
|
|
|a Issued by the Universidad Complutense de Madrid, Facultad de Ciencias de la Información, Departamento de Historia de la Comunicación Social.
|
| 580 |
|
|
|a Continues: Anuario del Departamento de Historia (Madrid, Spain) after a 3 year hiatus.
|
| 588 |
|
|
|a Latest issue consulted: Vol. 20, Núm. 1 (2015).
|
| 648 |
|
7 |
|a 1800-1999
|2 fast
|
| 650 |
|
0 |
|a Mass media
|z Spain
|x History
|v Periodicals.
|
| 650 |
|
0 |
|a Communication
|z Spain
|x History
|v Periodicals.
|
| 650 |
|
7 |
|a Communication.
|2 fast
|0 (OCoLC)fst00869952
|
| 650 |
|
7 |
|a Mass media.
|2 fast
|0 (OCoLC)fst01011219
|
| 651 |
|
0 |
|a Spain
|x History
|y 19th century
|v Periodicals.
|
| 651 |
|
0 |
|a Spain
|x History
|y 20th century
|v Periodicals.
|
| 651 |
|
7 |
|a Spain.
|2 fast
|0 (OCoLC)fst01204303
|
| 655 |
|
0 |
|a Electronic journals.
|
| 710 |
2 |
|
|a Universidad Complutense de Madrid.
|b Departamento de Historia de la Comunicación Social.
|
| 780 |
1 |
0 |
|t Anuario del Departamento de Historia (Madrid, Spain)
|x 0214-7009
|w (DLC) 90661548
|w (OCoLC)24396383
|
| 850 |
|
|
|a DLC
|
| 856 |
4 |
0 |
|z Full text available from Research Library: 01/01/2005 to present
|u https://search.proquest.com/publication/54839
|
| 856 |
4 |
0 |
|z Full text available from PRISMA Database with HAPI Index: 01/01/2005 to 01/31/2016
|u https://search.proquest.com/publication/85374
|